| 000 | 02554cam a2200445 i 4500 | ||
|---|---|---|---|
| 001 | 194940 | ||
| 003 | SpMaBN | ||
| 005 | 20250818102828.0 | ||
| 008 | 240522s2009 sp b | |||| 000 f spa | ||
| 015 | _aMON09 | ||
| 017 |
_aB 45562- 2009 _bOficina Depósito Legal Barcelona |
||
| 020 | _a9788401337208 | ||
| 035 | _a(OCoLC)733613790 | ||
| 040 |
_aSpMaBN _bspa _cSpMaBN _erdc |
||
| 080 | _a821.111(73)-31"19" | ||
| 100 |
_aRothfuss, Patrick, _d1973- _9236551 _eaut |
||
| 240 | 1 | 4 |
_aThe Name of the Wind. The Kingkiller Chronicle: Day One _lEspañol |
| 245 | 1 | 3 |
_aEl nombre del viento : _bCrónica del Asesino de Reyes: primer día / _cPatrick Rothfuss ; traducción de Gemma Rovira |
| 250 |
_aPrimera edición mayo 2009. _bVigesimosegunda edición: diciembre 2010 |
||
| 260 |
_aBarcelona : _bPlaza Janés, _c2009 |
||
| 300 |
_a872 páginas : _bmapa ; _c23 cm |
||
| 336 |
_2rdacontent _atexto |
||
| 337 |
_2rdamedia _asin mediación |
||
| 338 |
_2rdacarrier _avolumen |
||
| 490 | 1 |
_aCrónica del Asesino de Reyes ; _v1 |
|
| 500 | _aPrimera novela de la Crónica del Asesino de Reyes. | ||
| 520 | _aEn una posada en tierra de nadie, un hombre se dispone a relatar, por primera vez, la auténtica historia de su vida. Una historia que únicamente él conoce y que ha quedado diluida tras los rumores, las conjeturas y los cuentos de taberna que le han convertido en un personaje legendario a quien todos daban ya por muerto: Kvothe... músico, mendigo, ladrón, estudiante, mago, héroe y asesino. Ahora va a revelar la verdad sobre sí mismo. Y para ello debe empezar por el principio: su infancia en una troupe de artistas itinerantes, los años malviviendo como un ladronzuelo en las calles de una gran ciudad y su llegada a una universidad donde esperaba encontrar todas las respuestas que había estado buscando. | ||
| 594 | _aTraducción de: The Name of the Wind. The Kingkiller Chronicle: Day One | ||
| 655 | 0 |
_9236495 _aNovelas fantásticas |
|
| 700 | 0 |
_9100151 _aRovira Ortega, Gemma _etrl |
|
| 830 | 0 |
_aCrónica del asesino de reyes _v1 _9239990 |
|
| 852 |
_aES-MaACL _cDEPOJ _jN-9930 _hDonación: José Lázaro García _xEncuadernación rústica _9205852 |
||
| 903 |
_9234219 _aLázaro García, José _ednr |
||
| 942 |
_cMONOGRAFIA _n0 |
||
| 999 |
_c194940 _d194940 |
||